Sanat - "Lumiukko ostoksilla" - Statistics

Yleistilastot
  • Tätä visaa on pelattu 18 kertaa
  • Keskiarvotulos 45 / 127
Vastaustilastot
Vastaus % Oikein
Lumiukko
92%
ja
85%
ostoksilla
85%
porkkana
85%
oli
77%
hälle
69%
kun
69%
Maija
69%
pitäis
69%
porkkanan
69%
saada
69%
se
69%
Ukko
69%
ukko
69%
villiintyi
69%
kas
62%
komea
62%
kysyi
62%
myi
62%
myytävänä
62%
nenä
62%
oisko
62%
ruuhka-aikana
62%
vihanneksia
62%
ihana
54%
löysi
54%
naamataulusta
54%
oikein
54%
puuttuu
54%
sen
54%
vielä
54%
hän
46%
hissiin
46%
kohta
38%
sulan
38%
ulos
38%
asteli
31%
ei
31%
hänet
31%
huus
31%
joku
31%
jossa
31%
kasteli
31%
kolmen
31%
kurkki
31%
matkamiehet
31%
olo
31%
pakkaseen
31%
rehennellen
31%
seilasi
31%
toiset
31%
työnsi
31%
heti
23%
kaikki
23%
kamala
23%
kauheata
23%
korjaa
23%
leikkikalukerroksessa
23%
luus
23%
mahtavasti
23%
minä
23%
nenää
23%
patsaan
23%
peilasi
23%
sepän
23%
hikinen
15%
ihasteli
15%
ihmetteli
15%
junamalleja
15%
käski
15%
kohdalla
15%
myyjä
15%
nalleja
15%
nauratti
15%
nosti
15%
palloja
15%
pikkuisia
15%
pompotteli
15%
silloin
15%
Ukkoa
15%
ukkoparka
15%
Aleksilla
8%
huusi
8%
jalkaa
8%
kansa
8%
kassan
8%
kuuli
8%
lammikon
8%
lumiukon
8%
luona
8%
näki
8%
nyt
8%
oijoi
8%
otsa
8%
rullaportaita
8%
seisoi
8%
syöksyi
8%
teen
8%
enää
0%
huolta
0%
Ihanaa
0%
kaivoi
0%
kohti
0%
lompakon
0%
mitä
0%
näyttikin
0%
pienen
0%
taskustansa
0%
uljaalta
0%
ulkoilmassa
0%
Ehtoja vastaavia visoja ei löytynyt
Tulosjakauma
Jokaisen tuloksen saaneiden osuus
Persentiili vastausten määrän mukaan
Tuloshistoriasi
Et ole pelannut tätä visaa